[Event "Las Americas op U1800 Hybrid"]
[Site "Internet"]
[Date "2022.06.04"]
[Round "4.14"]
[White "Cahuapaza Tarapaca, Leonardo"]
[Black "Cata Pallo, Alejandra Nicole"]
[Result "1-0"]
[WhiteElo "1644"]
[BlackElo "1561"]
[PlyCount "43"]
[EventDate "2022.06.04"]
[EventType "swiss"]
[EventRounds "6"]
[EventCountry "VEN"]
[SourceTitle "EXT 2024"]
[Source "ChessBase"]
[SourceDate "2023.10.10"]
[SourceVersion "1"]
[SourceVersionDate "2023.10.10"]
[SourceQuality "1"]

1. d4 Nf6 2. Nf3 g6 3. Bf4 Bg7 4. c4 d5 5. Nc3 0-0 6. e3 c5 7. dxc5 Qa5 8. Qd2 dxc4 9. Bxc4 Rd8 10. Qc2 Ne4 11. Ne5 Bf5 12. Nxf7 Nxc3 13. Nxd8+ Kf8 14. Qd2 Nd7 15. Nxb7 Qb4 16. c6 Qxc4 17. cxd7 Bxd7 18. Rc1 Qb5 19. Nd6 exd6 20. Qxd6+ Ke8 21. bxc3 Rd8 22. c4 1-0

[Event "Las Americas op U1800 Hybrid"]
[Site "Internet"]
[Date "2022.06.04"]
[Round "5.26"]
[White "Cata Pallo, Alejandra Nicole"]
[Black "Revelo Montenegro, Christopher Isaac"]
[Result "1-0"]
[WhiteElo "1561"]
[BlackElo "1054"]
[PlyCount "49"]
[EventDate "2022.06.04"]
[EventType "swiss"]
[EventRounds "6"]
[EventCountry "VEN"]
[SourceTitle "EXT 2024"]
[Source "ChessBase"]
[SourceDate "2023.10.10"]
[SourceVersion "1"]
[SourceVersionDate "2023.10.10"]
[SourceQuality "1"]

1. d4 d5 2. Nf3 e6 3. e3 Nf6 4. Bd3 Be7 5. 0-0 0-0 6. b3 b6 7. Bb2 Nbd7 8. Nbd2 Bb7 9. Ne5 Nxe5 10. dxe5 Nd7 11. f4 c5 12. Qh5 g6 13. Qh6 Re8 14. Nf3 Bf8 15. Qh3 Rc8 16. c4 Nb8 17. Rad1 Nc6 18. cxd5 exd5 19. f5 Bg7 20. f6 Bf8 21. e6 Rxe6 22. Ng5 h6 23. Nxe6 fxe6 24. Qxe6+ Kh7 25. Qf7+ 1-0

[Event "Las Americas Team op U2400 Hybrid"]
[Site "Internet"]
[Date "2022.05.14"]
[Round "1.1"]
[White "Cata Pallo, Alejandra Nicole"]
[Black "Morales Garcia, Sergio Joshafatt"]
[Result "1/2-1/2"]
[WhiteElo "1504"]
[BlackElo "2256"]
[PlyCount "67"]
[EventDate "2022.05.14"]
[EventType "team-swiss"]
[EventRounds "5"]
[EventCountry "VEN"]
[SourceTitle "EXT 2023"]
[Source "ChessBase"]
[SourceDate "2022.10.05"]
[SourceVersion "1"]
[SourceVersionDate "2022.10.05"]
[SourceQuality "1"]

1. d4 d5 2. Nf3 Nf6 3. Bg5 Ne4 4. Bf4 c5 5. e3 Qb6 6. Qc1 Nc6 7. c3 Bg4 8. Nbd2 Rc8 9. Qb1 Nxd2 10. Nxd2 e6 11. Bd3 Bh5 12. 0-0 Be7 13. h3 Bg6 14. Nf3 0-0 15. Bxg6 hxg6 16. Re1 Qd8 17. Qd3 a6 18. Rad1 b5 19. e4 cxd4 20. Nxd4 Nxd4 21. Qxd4 Bc5 22. Qd2 dxe4 23. Rxe4 Qxd2 24. Rxd2 Rfd8 25. Ree2 Kf8 26. Rxd8+ Rxd8 27. Rd2 Rxd2 28. Bxd2 Ke7 29. Kf1 Kd6 30. Ke2 Kd5 31. Be3 Bd6 32. Kd3 e5 33. f3 f5 34. b3 1/2-1/2

[Event "South America-ch U18 Girls 17th"]
[Site "Guayaquil"]
[Date "2022.01.26"]
[Round "3"]
[White "Cata Pallo, Alejandra Nicole"]
[Black "Palacios Gordillo, Camila Estefania"]
[Result "1-0"]
[WhiteElo "1540"]
[BlackElo "1223"]
[PlyCount "67"]
[EventDate "2022.01.25"]
[EventType "swiss"]
[EventRounds "9"]
[EventCountry "ECU"]
[SourceTitle "CBM 206 Extra"]
[Source "ChessBase"]
[SourceDate "2022.03.31"]
[SourceVersion "1"]
[SourceVersionDate "2022.03.31"]
[SourceQuality "1"]

1. d4 Nf6 2. Nf3 g6 3. Bg5 Bg7 4. Nbd2 0-0 5. e4 d6 6. c3 b6 7. Bd3 Bb7 8. Qe2 c5 9. 0-0-0 cxd4 10. Nxd4 Nbd7 11. Bc2 Nc5 12. f4 Qd7 13. f5 Rac8 14. h4 Nh5 15. Rh3 Ba6 16. Qe3 d5 17. e5 f6 18. Bh6 fxe5 19. Bxg7 Nxg7 20. Qxe5 gxf5 21. Rg3 e6 22. Re1 Rce8 23. b4 Ne4 24. Nxe4 dxe4 25. Ba4 b5 26. Bb3 f4 27. Rg5 h6 28. Rg4 Kh7 29. Qxe4+ Kh8 30. Qg6 Qc7 31. Qxh6+ Kg8 32. Bc2 e5 33. Qh7+ Kf7 34. Rxg7+ 1-0

[Event "ECU-ch (Women)"]
[Site "Salinas"]
[Date "2021.12.17"]
[Round "3"]
[White "Herrera Arboleda, Kerly Danna"]
[Black "Cata Pallo, Alejandra Nicole"]
[Result "1-0"]
[WhiteElo "1760"]
[BlackElo "1554"]
[PlyCount "73"]
[EventDate "2021.12.16"]
[EventType "swiss"]
[EventRounds "7"]
[EventCountry "ECU"]
[SourceTitle "EXT 2023"]
[Source "ChessBase"]
[SourceDate "2022.10.05"]
[SourceVersion "1"]
[SourceVersionDate "2022.10.05"]
[SourceQuality "1"]

1. e4 c5 2. Nc3 a6 3. f4 Nc6 4. Nf3 g6 5. g3 Bg7 6. Bg2 d6 7. d3 e6 8. 0-0 Nge7 9. Be3 Nd4 10. Qd2 h6 11. Rae1 Rb8 12. Nd1 b5 13. Nh4 f5 14. c3 Ndc6 15. exf5 gxf5 16. Qe2 Kf8 17. g4 Bd7 18. Bf2 Qe8 19. Ne3 Qf7 20. g5 hxg5 21. fxg5 Qh5 22. Qxh5 Rxh5 23. Bg3 Rd8 24. Nhxf5 Nxf5 25. Nxf5 exf5 26. Bxd6+ Kf7 27. Bd5+ Kg6 28. Bxc5 Ne5 29. Bb6 Re8 30. Re3 Rxg5+ 31. Kh1 Ng4 32. Rxe8 Bxe8 33. h3 Nf6 34. Bf3 Nh5 35. Re1 Bf7 36. Kh2 Bxa2 37. h4 1-0

[Event "South America-ch U20 Girls"]
[Site "Guayaquil"]
[Date "2021.11.07"]
[Round "9"]
[White "Pacheco Jimenez, Yesenia Camila"]
[Black "Cata Pallo, Alejandra Nicole"]
[Result "1-0"]
[WhiteElo "1633"]
[BlackElo "1465"]
[PlyCount "85"]
[EventDate "2021.11.02"]
[EventType "swiss"]
[EventRounds "9"]
[EventCountry "ECU"]
[SourceTitle "CBM 205 Extra"]
[Source "ChessBase"]
[SourceDate "2022.01.31"]
[SourceVersion "1"]
[SourceVersionDate "2022.01.31"]
[SourceQuality "1"]

1. d4 Nf6 2. Nf3 g6 3. g3 c6 4. Bg2 Bg7 5. 0-0 0-0 6. c4 d5 7. Qb3 dxc4 8. Qxc4 Nbd7 9. Nc3 Nb6 10. Qd3 Be6 11. b3 Qc8 12. Ng5 Bd7 13. Ba3 Re8 14. Nf3 Bh3 15. Rac1 Bxg2 16. Kxg2 Qd7 17. Rfd1 Rad8 18. h3 h5 19. Ne4 Nxe4 20. Qxe4 e5 21. dxe5 Qxd1 22. Rxd1 Rxd1 23. Qc2 Rdd8 24. Bc1 Rc8 25. g4 hxg4 26. hxg4 c5 27. Qe4 c4 28. Qf4 cxb3 29. axb3 Nd5 30. Qd2 Red8 31. Qg5 Rd7 32. e4 Nc3 33. e6 fxe6 34. Qxg6 Re7 35. Bg5 Rf7 36. Ne5 Rfc7 37. Qxe6+ Kh7 38. Qg6+ Kh8 39. Nf7+ Kg8 40. Nh6+ Kf8 41. Qd6+ Ke8 42. Qe6+ Kf8 43. Qg8# 1-0

[Event "South America-ch U20 Girls"]
[Site "Guayaquil"]
[Date "2021.11.03"]
[Round "3"]
[White "Cata Pallo, Alejandra Nicole"]
[Black "Hilario Huaranca, Aleyla Karen"]
[Result "1/2-1/2"]
[WhiteElo "1465"]
[BlackElo "1950"]
[PlyCount "75"]
[EventDate "2021.11.02"]
[EventType "swiss"]
[EventRounds "9"]
[EventCountry "ECU"]
[SourceTitle "CBM 205 Extra"]
[Source "ChessBase"]
[SourceDate "2022.01.31"]
[SourceVersion "1"]
[SourceVersionDate "2022.01.31"]
[SourceQuality "1"]

1. d4 d5 2. Nf3 Nf6 3. e3 g6 4. c4 Bg7 5. Nc3 0-0 6. cxd5 Nxd5 7. Bc4 Nb6 8. Bb3 Nc6 9. 0-0 Na5 10. Bc2 Be6 11. b3 c5 12. Bb2 cxd4 13. Nxd4 Bd7 14. Be4 Rc8 15. Rc1 Nc6 16. Nxc6 Bxc6 17. Bxc6 Rxc6 18. Qe2 Qb8 19. Nb5 Rfc8 20. Rxc6 Rxc6 21. Bxg7 Kxg7 22. Qb2+ Kg8 23. Rc1 Rxc1+ 24. Qxc1 a6 25. Nd4 Qd6 26. h3 Kg7 27. Qc3 e5 28. Nf3 f6 29. Nd2 Qd7 30. Qc5 Qxd2 31. Qxb6 Qe1+ 32. Kh2 Qxf2 33. Qxb7+ Kh6 34. Qxa6 f5 35. Qf6 Qxe3 36. Qh4+ Kg7 37. Qe7+ Kh6 38. Qh4+ 1/2-1/2

[Event "South America-ch U20 Girls"]
[Site "Guayaquil"]
[Date "2021.11.03"]
[Round "2"]
[White "Cata Pallo, Alejandra Nicole"]
[Black "Penafiel Mendoza, Josselyne Stefania"]
[Result "1/2-1/2"]
[WhiteElo "1465"]
[BlackElo "1782"]
[PlyCount "88"]
[EventDate "2021.11.02"]
[EventType "swiss"]
[EventRounds "9"]
[EventCountry "ECU"]
[SourceTitle "CBM 205 Extra"]
[Source "ChessBase"]
[SourceDate "2022.01.31"]
[SourceVersion "1"]
[SourceVersionDate "2022.01.31"]
[SourceQuality "1"]

1. d4 Nf6 2. Nf3 g6 3. Bg5 Bg7 4. Nc3 d5 5. Bxf6 Bxf6 6. e4 c6 7. exd5 cxd5 8. Bb5+ Nc6 9. Ne5 Bxe5 10. dxe5 d4 11. Bxc6+ bxc6 12. Ne2 Qa5+ 13. Qd2 Qxe5 14. Qxd4 Qxd4 15. Nxd4 c5 16. Nb3 c4 17. Nd2 c3 18. bxc3 Bf5 19. 0-0-0 0-0 20. Rhe1 Rfc8 21. c4 Rc7 22. f3 Rb8 23. Re3 Be6 24. Rb3 Rbc8 25. Rc3 a5 26. Re1 Rc5 27. Nb3 Rxc4 28. Rxc4 Rxc4 29. Nxa5 Ra4 30. Nc6 Kf8 31. Rd1 Rxa2 32. Rd8+ Kg7 33. Nxe7 h5 34. Nc6 Ra1+ 35. Kb2 Rg1 36. Rd2 h4 37. Nd4 Bc4 38. f4 Rf1 39. Nf3 h3 40. Ne5 Rxf4 41. Nxc4 hxg2 42. Rxg2 Rxc4 43. Kb3 Rc7 44. c4 f5 1/2-1/2

[Event "South America-ch U20 Girls"]
[Site "Guayaquil"]
[Date "2021.11.02"]
[Round "1"]
[White "Estrada Cantaro, Alexandra Fiore"]
[Black "Cata Pallo, Alejandra Nicole"]
[Result "1/2-1/2"]
[WhiteElo "1723"]
[BlackElo "1465"]
[PlyCount "92"]
[EventDate "2021.11.02"]
[EventType "swiss"]
[EventRounds "9"]
[EventCountry "ECU"]
[SourceTitle "CBM 205 Extra"]
[Source "ChessBase"]
[SourceDate "2022.01.31"]
[SourceVersion "1"]
[SourceVersionDate "2022.01.31"]
[SourceQuality "1"]

1. e4 c5 2. Nf3 d6 3. d4 cxd4 4. Nxd4 Nf6 5. Nc3 g6 6. f4 a6 7. e5 Ng8 8. Bc4 e6 9. exd6 Qxd6 10. 0-0 Qc5 11. Bb3 Bg7 12. Be3 Nc6 13. Nce2 Nxd4 14. Nxd4 Ne7 15. Re1 Qc7 16. Qf3 0-0 17. Rad1 Bd7 18. c3 Nc6 19. Bc2 Nxd4 20. Bxd4 Bc6 21. Be4 Bxd4+ 22. Rxd4 Bxe4 23. Qxe4 Rad8 24. Red1 Qb6 25. b3 Qa5 26. a4 Rxd4 27. Qxd4 Rc8 28. Rd3 Qc5 29. Qxc5 Rxc5 30. Kf2 Kf8 31. g4 Ke7 32. Ke3 f5 33. h3 e5 34. b4 exf4+ 35. Kxf4 Rc4+ 36. Kg5 fxg4 37. hxg4 a5 38. bxa5 Rxa4 39. Rd5 Rc4 40. Rb5 h6+ 41. Kxg6 Rxg4+ 42. Kxh6 Ra4 43. Rxb7+ Kd6 44. Ra7 Rc4 45. Ra8 Rxc3 46. a6 Kc7 1/2-1/2

[Event "ECU-ch (Women)"]
[Site "Banos de Agua Santa"]
[Date "2020.03.10"]
[Round "1"]
[White "Cata Pallo, Alejandra Nicole"]
[Black "Nunez Giler, Fanny Cecilia"]
[Result "0-1"]
[WhiteElo "1424"]
[BlackElo "1734"]
[PlyCount "33"]
[EventDate "2020.03.10"]
[EventType "swiss"]
[EventRounds "9"]
[EventCountry "ECU"]
[SourceTitle "CBM 195 Extra"]
[Source "ChessBase"]
[SourceDate "2020.05.31"]
[SourceVersion "1"]
[SourceVersionDate "2020.05.31"]
[SourceQuality "1"]

1. d4 Nf6 2. Nf3 g6 3. Bf4 Bg7 4. e3 0-0 5. h3 d5 6. c4 c5 7. Nc3 Qa5 8. Qb3 dxc4 9. Bxc4 cxd4 10. exd4 Qf5 11. Bh2 Nc6 12. 0-0 Na5 13. Qb5 Qxb5 14. Bxb5 Bd7 15. Be2 Rac8 16. Ne5 Be6 17. Bf3 0-1

[Event "ECU-ch U20 Girls"]
[Site "Guayaquil"]
[Date "2020.02.23"]
[Round "8"]
[White "Velin Visuma, Yosmy"]
[Black "Cata Pallo, Alejandra Nicole"]
[Result "1-0"]
[WhiteElo "1570"]
[BlackElo "1390"]
[PlyCount "65"]
[EventDate "2020.02.19"]
[EventType "swiss"]
[EventRounds "9"]
[EventCountry "ECU"]
[SourceTitle "CBM 195 Extra"]
[Source "ChessBase"]
[SourceDate "2020.05.31"]
[SourceVersion "1"]
[SourceVersionDate "2020.05.31"]
[SourceQuality "1"]

1. d4 Nf6 2. Bg5 Ne4 3. Bf4 d5 4. Nf3 e6 5. c4 c6 6. Nbd2 Nd6 7. e3 Be7 8. cxd5 cxd5 9. Bd3 0-0 10. 0-0 Nd7 11. Qc2 f5 12. Rfc1 Nf6 13. Ne5 Nh5 14. Bg3 Nxg3 15. hxg3 Rf6 16. f3 Rh6 17. Kf2 Bd7 18. Rh1 Rxh1 19. Rxh1 Be8 20. g4 g6 21. gxf5 Nxf5 22. Bxf5 exf5 23. g4 fxg4 24. Nxg4 Bd7 25. Ne5 Bh4+ 26. Ke2 Bb5+ 27. Kd1 Be8 28. Qb3 b6 29. Rxh4 Qxh4 30. Qxd5+ Kg7 31. Qxa8 Bb5 32. Qxa7+ Kh6 33. Ng4+ 1-0

[Event "ECU-ch U20 Girls"]
[Site "Guayaquil"]
[Date "2020.02.19"]
[Round "1"]
[White "Cata Pallo, Alejandra Nicole"]
[Black "Nunez Giler, Fanny Cecilia"]
[Result "1/2-1/2"]
[WhiteElo "1390"]
[BlackElo "1736"]
[PlyCount "41"]
[EventDate "2020.02.19"]
[EventType "swiss"]
[EventRounds "9"]
[EventCountry "ECU"]
[SourceTitle "CBM 195 Extra"]
[Source "ChessBase"]
[SourceDate "2020.05.31"]
[SourceVersion "1"]
[SourceVersionDate "2020.05.31"]
[SourceQuality "1"]

1. d4 d5 2. Nf3 Nf6 3. e3 g6 4. c4 Bg7 5. Nc3 0-0 6. Be2 dxc4 7. Bxc4 c5 8. h3 Nc6 9. d5 Na5 10. Be2 e6 11. dxe6 Bxe6 12. 0-0 Qb6 13. Qc2 Rac8 14. e4 Nc6 15. Be3 Nd4 16. Qb1 Rfd8 17. Bd1 Bc4 18. Re1 Bd3 19. Qc1 Qc7 20. Bf4 Qa5 21. Bd2 1/2-1/2

[Event "ECU-ch U16 Girls"]
[Site "Guayaquil"]
[Date "2019.04.21"]
[Round "9"]
[White "Cata Pallo, Alejandra Nicole"]
[Black "Alvarez Dominguez, Hellen Melissa"]
[Result "1/2-1/2"]
[WhiteElo "1438"]
[BlackElo "1280"]
[PlyCount "124"]
[EventDate "2019.04.17"]
[EventType "swiss"]
[EventRounds "9"]
[EventCountry "ECU"]
[SourceTitle "CBM 190 Extra"]
[Source "ChessBase"]
[SourceDate "2019.07.15"]
[SourceVersion "1"]
[SourceVersionDate "2019.07.15"]
[SourceQuality "1"]

1. d4 Nf6 2. Nf3 g6 3. Bf4 Bg7 4. h3 0-0 5. e3 d5 6. Be2 Re8 7. 0-0 c6 8. c4 c5 9. Nc3 cxd4 10. Qxd4 Nc6 11. Qd1 dxc4 12. Bxc4 a6 13. Qb3 e6 14. Rfd1 Bd7 15. Qc2 b5 16. Bf1 Qb6 17. Bg5 Qb7 18. Rac1 h6 19. Bxf6 Bxf6 20. Ne4 Be7 21. Nd6 Bxd6 22. Rxd6 Rec8 23. Qd2 Be8 24. a3 Qe7 25. g3 Na5 26. Rxc8 Rxc8 27. Rxa6 Nc4 28. Bxc4 Rxc4 29. Ra8 Kg7 30. Ne5 Rc5 31. Qd4 Rc1+ 32. Kh2 Qb7 33. Nc6+ Kh7 34. Rxe8 Rh1+ 35. Kxh1 Qxc6+ 36. Kh2 Qxe8 37. Qc5 Qd7 38. Qd4 Qc6 39. Qf6 Qd7 40. h4 Qb7 41. Qf4 Qd7 42. g4 Qb7 43. Kg3 Qd7 44. b3 Qb7 45. a4 bxa4 46. bxa4 Qa7 47. g5 h5 48. Qe4 Kg8 49. Qc6 Kf8 50. Qd6+ Kg8 51. Qd8+ Kh7 52. a5 Qb7 53. f3 Qb5 54. Qb6 Qf1 55. a6 Qg1+ 56. Kf4 Qh2+ 57. Ke4 Qd2 58. a7 Qd5+ 59. Kf4 e5+ 60. Kg3 Qd1 61. f4 e4 62. f5 Qf3+ 1/2-1/2